00984nam a22002417a 4500999001900000005001700019010002600036020002700062035001400089035001400103037001300117082001400130245014000144260003900284270005600323300002400379500001900403700001700422700002100439942002800460952012800488952012600616 c144919d14491920221209102648.0 aENG-120450 ENG-135795 a9789386689368c1125.00 aEN-103982 aEN-119327 bDBAD/PUB a809.93358 aCrossing borders :cedited by Tapan Basu [and] Tasneem Shahnaazbessay on literature, culture and society in honour of Amritjit singh / aTelanganabOrient Black Swanc2017 a3-6-752,Himayantnagar ,HyderabadbTelanganae500029 axxi,353p.c24cm(Hb) aIncludes index aBasu, Tapan  aShahnaaz,Tasneem 2ddccENh809.93358mCRO 001040708NFICaBL4bBL4d2017-09-19eDBAD/PUBg1125.00l0o809.93358 CROpEN-103982r2017-09-19 00:00:00t1v1125.00yEN 001040708NFICaPRbPRd2022-12-09eDBAD/PUBg1125.00l0o809.93358 CROpEN-119327r2022-12-09 00:00:00t2v1125.00yEN